正一位を生前叙位された人物 - Statistics

General Stats
  • This quiz has been taken 32 times
  • The average score is 2 of 7
Answer Stats
名前 叙位日 備考 % Correct
三條實美 明治24年(1891年)2月18日 太政大臣、公爵。叙位日当日に薨去。
88%
橘諸兄 天平感宝元年4月14日(749年5月4日) 左大臣。
35%
藤原武智麻呂 天平9年7月25日(737年8月25日) 左大臣。叙位日当日に薨去。
31%
藤原恵美押勝 天平宝字6年2月1日(762年2月28日) 太保(右大臣)→太師(太政大臣)。
31%
藤原宮子 神亀元年(724年) 文武天皇の夫人、聖武天皇の母。
19%
藤原永手 宝亀元年10月1日(770年10月23日) 左大臣。
12%
源方子 久安2年10月4日(1146年11月9日) 藤原長実の妻、近衞天皇の外祖母。
4%
No matching quizzes found
Score Distribution
Percent of People with Each Score
Percentile by Number Answered
Your Score History
You have not taken this quiz